| 000 | 00541cam a2200217 4500 | ||
|---|---|---|---|
| 008 | 090401t1986 xxu||||| |||| 00| 0 eng d | ||
| 020 | _a0117301809 | ||
| 035 | _a(Sirsi) u59448 | ||
| 041 | _aeng | ||
| 050 | _a306.312026 | ||
| 110 |
_aEngland and Wales _bLaw Commission _93302 |
||
| 245 | _aLand mortgages | ||
| 260 |
_aLondon _bHMSO _c1986 |
||
| 300 | _axv,254,(47)p. ; 21cm. | ||
| 350 | _a9.9 | ||
| 490 |
_aLaw Commission Working Paper _v99 |
||
| 650 | _aBORROWERS CHARTER | ||
| 650 | _aLAW | ||
| 942 | _n0 | ||
| 948 | _c04/03/1997 | ||
| 999 |
_c94149 _d94149 |
||